[Event "Paracin Summer op-A 10th"]
[Site "Paracin"]
[Date "2017.07.11"]
[Round "6"]
[White "Zanan, Evgeny"]
[Black "Atalik, Suat"]
[Result "1/2-1/2"]
[WhiteElo "2428"]
[BlackElo "2525"]
[Annotator "Atalik,S"]
[PlyCount "36"]
[EventDate "2017.07.07"]
[EventType "swiss"]
[EventRounds "9"]
[EventCountry "SRB"]
[SourceTitle "CBM 180"]
[Source "ChessBase"]
[SourceDate "2017.09.13"]
[SourceVersion "1"]
[SourceVersionDate "2017.09.13"]
[SourceQuality "1"]

1. d4 d5 2. Nf3 Nf6 3. Bf4 c5 4. e3 Nc6 5. Nbd2 e6 6. c3 {The modern treatment
of the opening.} Be7 $5 (6... Bd6 7. Bg3) 7. h3 (7. Bd3 Nh5) 7... Bd6 $1 {
Tigran Vartanovich Petrosian's idea from the Exchange Slav is also valid here.}
8. Bxd6 (8. dxc5 $142 Bxc5 9. Bd3 Bd6 10. Bxd6 Qxd6 11. O-O $14 {may steal a
tempo.}) 8... Qxd6 9. Bb5 Bd7 10. Qa4 $5 (10. a4 $5) (10. O-O O-O {(and Black
threatens 11...Nxd4)} 11. Ba4 $5) 10... cxd4 (10... O-O 11. Qa3) 11. cxd4 (11.
exd4 O-O 12. O-O Nh5 $5) 11... O-O 12. O-O a6 13. Bxc6 $6 {White should
definitely keep the bishop.} (13. Be2) (13. Bd3 Rfc8 (13... Qb4 $5) (13... e5
14. Nxe5 Nxe5 15. dxe5 Qxe5 16. Qb4) 14. a3 $11 (14. Rfc1 Nb4 15. Qa3 Ne8))
13... Bxc6 14. Qb3 Nd7 $146 (14... Ne4 {has been played.}) 15. Rfc1 a5 16. Qc3
$5 Rfc8 17. Ne5 f6 18. Nxc6 Rxc6 {I had had a hell of a game against GM Kosic
in the morning in which I had beaten him for first time in my life so I
decided to call it a day with an early draw offer against Zhenia!} (18... bxc6
19. Rc2 $1 (19. Nb3 a4 20. Nc5 Nxc5 21. Qxc5 Qxc5 22. Rxc5 Rab8 23. b3 axb3 24.
axb3 Rxb3 25. Ra6 $11)) (18... Rxc6 19. Qd3 (19. Qb3 $1 Rac8 20. Rc3 (20. Rxc6
Qxc6 21. Nf3 b6 22. Ne1 $11) 20... Rxc3 21. bxc3 Qc6 22. Rb1 (22. Rc1 b5 23.
Rb1 a4 24. Qxb5 Qxb5 25. Rxb5 Rxc3 26. Rb7) 22... b6 23. Rc1 b5 24. Rb1 a4 25.
Qxb5 Qxb5 26. Rxb5 Rxc3 27. Rb2 a3 $140 28. Rb7) 19... Rac8 20. Nb3 $11)
1/2-1/2

[Event "Subasic Memorial 5th"]
[Site "Zenica"]
[Date "2006.12.12"]
[Round "5"]
[White "Drasko, Milan"]
[Black "Atalik, Suat"]
[Result "1/2-1/2"]
[WhiteElo "2547"]
[BlackElo "2583"]
[Annotator "Atalik,S"]
[PlyCount "122"]
[EventDate "2006.12.08"]
[EventType "tourn"]
[EventRounds "9"]
[EventCountry "BIH"]
[EventCategory "9"]
[SourceTitle "CBM 115 Extra"]
[Source "ChessBase"]
[SourceDate "2007.01.10"]
[SourceVersion "1"]
[SourceVersionDate "2007.01.10"]
[SourceQuality "1"]

{Milan offered a draw before the game} 1. Nf3 d5 2. g3 g6 {I wanted to give
this another try.} 3. Bg2 Bg7 4. d4 c6 {This does not allow a transposition to
Neo-Gruenfeld.} ({with} 4... Nf6 5. c4) 5. O-O Nf6 $5 {Probably this is not
the only move.} (5... Nh6 $5 {looks also playable since White is deprived of
h4-h5 due to early castle.}) 6. Be3 $5 {This bizarre move did not surprise me
since Landa has tried it gainst me in China. Later Milan said that it is an
idea of Dizdarevic.} (6. Bf4 $5 O-O 7. Qc1 $11 {looks like no imrovement to me.
}) 6... O-O 7. Qc1 Bg4 8. Rd1 Nbd7 9. Nc3 $6 {A strange move closing the path
of his c pawn.} (9. Nbd2 Re8 $13 (9... Ne4 10. Nxe4 dxe4 11. Ng5 Bxe2 12. Re1
Bf3 13. Nxf3 exf3 14. Bxf3 e6 $11 {is proven to be toothless.})) 9... Re8 ({
Of course I have immediately giving up on} 9... Ne4 $6 $11) 10. Bh6 Bxf3 11.
Bxf3 e5 $15 {White has a pair of bishops but his backward center makes him to
be slightly worse.} 12. Bxg7 Kxg7 13. dxe5 Nxe5 14. Bg2 {This is a critical
position. I m not so sure if I have played the best in this position.} Qb6 $6 (
14... Nc4 $2 {allows} 15. e4) (14... Qe7 15. Qf4 Nc4 16. b3 Nd6 17. e3 $15) 15.
b3 {After this White has an easy plan to equalize: he has to throw his queen
up with e3, Qd2-d4 or Qf4-d4 and I do not know how to prevent it.} Neg4 (15...
Rad8 16. e3 $11) 16. Qf4 h5 17. h3 Nh6 18. Rd3 $1 {Draw offer} Re7 19. Rad1 (
19. e4 dxe4 20. Nxe4 Nxe4 21. Bxe4 Rae8 22. Bf3 Qc7 $11) 19... Rae8 20. e3 Qc7
21. Qxc7 Rxc7 22. Ne2 $11 {The position is more or less equal.} Nf5 (22... Nd7
23. c4 Ne5 24. Rc3 dxc4 25. bxc4 Rd7 26. Rxd7 Nxd7 $11) 23. c4 $1 dxc4 24. bxc4
Ne4 {I had to count on simple positions} ({since} 24... Re5 $6 25. Nc3 Rc5 26.
e4 Ne7 27. Rd4 b5 28. f4 $1 $44 {looks risky.}) 25. Bxe4 {White does not want
to surrender c5 square.} (25. Nc3 Nc5 $132) 25... Rxe4 26. Nd4 Nxd4 27. exd4 $2
$138 {Timid play resulting in a precarious position.} (27. Rxd4 $142 $11 {
is a must.}) 27... c5 28. f3 $2 {He started to drift.} (28. Kg2 $1 cxd4 (28...
Kf6 29. Rf3+ $1 {annoys black.} (29. Kf3 Kf5)) 29. Kf3 Re5 30. Rxd4 Ra5 31.
R1d2 (31. Rd7 Rxc4 32. Rxb7 Rc2) 31... Ra4 32. c5 Rxd4 33. Rxd4 Rxc5 34. Rd7
Rb5 35. a4 $15 {is a much better version for white.}) 28... Re2 29. R1d2 Re1+
30. Kf2 Rc1 31. dxc5 Rxc4 32. Rd5 R4xc5 33. Rxc5 Rxc5 34. Rd7 Rb5 35. h4 a5 $19
{It is not clear if Black needs to bring the king up after White has committed
himself in the kingside with f3.} (35... Kf6 36. Ke3 Ke6 37. Rc7 Rb4 38. a3
Rb3+ 39. Kf4 a5 40. a4 f6 (40... Rb4+ 41. Kg5) 41. Ke4 Rb4+ 42. Ke3 b6 43. Rc6+
Ke5 44. Kf2 g5 45. hxg5 fxg5 46. Rg6 Kf5 47. Rh6 h4 48. Kg2 $17) 36. Ke3 Re5+
37. Kf4 Rf5+ 38. Ke4 b5 39. a3 (39. Rd5 $2 b4 40. Rxf5 gxf5+ 41. Kd3 f4 42.
gxf4 a4 $19) 39... Rc5 40. Rb7 a4 (40... Rc4+ 41. Kd3 Ra4 $1 {gives similar
positions compared to the game.} (41... Rc1 $2 42. Rxb5 Rg1 43. Rxa5 Rxg3 44.
Ke3 $11)) 41. Kd4 Rc1 42. Ke3 (42. Rxb5 Ra1 (42... Rg1 $2 43. Ra5 Rxg3 44. Ke3
$11) 43. Ra5 Rxa3 44. Ke4 Ra1 45. Kf4 a3 $19) 42... Rb1 {Here around I have
started to change my heart about the position unnecesarily.} (42... Rc3+ 43.
Kf4 Rxa3 44. Rxb5 Ra1 45. Ra5 a3 $19) 43. Kf4 Kf6 $2 {The winning method
consists of getting an a passer then to push it till a2 and only then to move
the king out. Usually it is believed that the a pawn does not win. However
this is not the case in this game since White's king is on f4 and his
counterpart's travel to h3 cannot be prevented because of f3.} (43... b4 $2 44.
axb4 a3 45. Ra7 Rxb4+ 46. Ke3 Rb3+ 47. Kf4 Kf6 48. Ra6+ Ke7 49. g4 $11) (43...
Rb3 44. Rb6 (44. g4 hxg4 45. fxg4 Rxa3 46. Rxb5 Ra1 47. Ra5 a3 48. Kg3 a2 49.
Kg2 f5 $1 $19) 44... Rxa3 45. Rxb5 Ra1 {The first phase of the winning plan:
an a passer is created.} 46. Rb6 a3 47. Ra6 (47. Rb7 {is a good attempt to
prevent f6 and start a counterattack of his own with a well timed Kg5.} a2 48.
Ra7 Kf8 {threatening f6.} 49. Ra8+ (49. Kg5 Rg1 50. Rxa2 (50. Kf6 a1=Q+) 50...
Rxg3+ 51. Kf4 Rh3 $19) 49... Ke7 50. Ra7+ Ke6 51. Ra6+ Kd5 52. Ra5+ {Another
check is needed because the black king is still very near and can protect f7
on time.} (52. Kg5 Rg1 53. Rxa2 (53. Ra5+ Ke6) 53... Rxg3+ 54. Kf4 Rh3 55. Ra7
Ke6 $19) 52... Kc4 53. Kg5 (53. Ra7 f6) 53... Kb3 $1 {Now White is losing
since his rook is on a5 and very close to Black's king.} (53... Rg1 $2 54. Rxa2
Rxg3+ 55. Kf4 Rh3 56. Ra7 $11) 54. Kf6 (54. Rb5+ Ka4 55. Rb7 (55. Rb2 Ka3)
55... Rg1 56. Rxf7 Rxg3+ 57. Kh6 Rg1 58. f4 a1=Q 59. Ra7+ Kb5 60. Rxa1 Rxa1 61.
Kxg6 Rg1+ 62. Kxh5 Kc6 63. f5 Kd6 $19) 54... Rf1 55. Kxf7 Rxf3+ 56. Kxg6 Rxg3+
57. Kxh5 Kb2 58. Rxa2+ Kxa2 59. Kh6 Kb3 60. h5 Kc4 61. Kh7 Kd5 62. h6 Ke6 63.
Kh8 Kf7 64. h7 Kg6 65. Kg8 Kh6+ 66. Kh8 Ra3 $19) 47... f6 48. Ra7+ Kf8 49. Ke3
a2 {The second phase is completed: Black succeded to put his pawn on f6 and
the other one on a2. f6 cuts out any idea of penetration to the vulnerable
kingside and White's king is stalemated because of the pawn on a2.} 50. Kf4 Ke8
51. Ra8+ Kd7 52. Ra7+ Kd6 53. Ra6+ Kd5 54. Ra4 Kc5 55. Ra6 Kd4 56. Ra3 Kc4 $1 {
Black's king is heading for h3. White is zugzwanged again and has to give way
to Black's king.} 57. Ra8 Kd3 58. Ra3+ Ke2 59. Re3+ Kf2 60. Ra3 Kg2 61. Ra8 (
61. g4 hxg4 62. Kxg4 Kh2 63. Kf4 Kh3 64. Ra8 g5+ $1 65. hxg5 fxg5+ 66. Kf5 g4
$1 67. fxg4 Rf1+ 68. Ke6 a1=Q 69. Rxa1 Rxa1 70. g5 Rg1 71. Kf6 Kh4 72. g6 Kh5
73. g7 Kh6 $19) 61... Kh3 {The final phase: Black's king reached on h3, so he
can open the rook for a lateral check, then White will lose two pawns on the
kingside.} 62. Ra3 Rb1 63. Rxa2 Rb4+ 64. Ke3 Kxg3 $19) 44. g4 $1 Ke6 {I had to
sac a pawn there.} (44... hxg4 {This exchange gives him a passerto base
counterplay on.} 45. fxg4 Rb3 (45... Ke6 46. h5 $132) (45... g5+ 46. hxg5+ Ke6
47. Ke4 (47. g6 fxg6 48. Kg5 Kd6) 47... Rb3 $11) 46. g5+ $1 Ke6 47. Kg4 $11)
45. gxh5 gxh5 46. Kg5 Kd5 47. Kxh5 $11 Kc6 $138 {Here I could not decide which
way to go with my king.} (47... Kc4 48. Kg5 Rb3 49. Rxf7 Rxa3 50. h5 Ra1 51. h6
(51. Rf4+ Kc3 52. h6 Rd1 53. h7 Rd8 54. Rh4 Rh8 55. Kg6 a3 56. Kg7) 51... Rg1+
52. Kf6 Rh1 53. Kg7 b4 54. Ra7 a3 55. f4 b3 56. Ra4+ $1 $11) 48. Rxf7 Rb3 {
Now Black will get connected passers on the queenside, but they cannot be
pushed as easy as one may guess.} 49. Kg5 Rxa3 50. h5 Ra1 51. h6 Rg1+ 52. Kf4
Rh1 53. h7 Kb6 (53... a3 54. Kg5 $11) 54. Kg5 Ka5 55. Ra7+ {It is not clear
who should play for a win.} (55. Kg6 a3 (55... Kb4 $2 56. Rf8 a3 57. h8=Q Rxh8
58. Rxh8 Kc3 59. Ra8 b4 60. f4 Kb2 61. f5 a2 62. f6 a1=Q 63. Rxa1 Kxa1 64. f7
b3 65. f8=Q b2 66. Qa3+ $18) 56. Rf8 b4 57. Ra8+ Kb5 58. f4 Rg1+ 59. Kf7 Rh1
60. Kg7 (60. h8=Q $2 Rxh8 61. Rxh8 a2 $19) 60... Rg1+ $11) 55... Kb6 56. Rf7
Ka5 57. Ra7+ Kb4 58. f4 a3 59. f5 Kb3 60. f6 a2 61. Rxa2 (61. f7 Rxh7 62. f8=Q
Rxa7 $11) 61... Rxh7 {A very bad performance by Black who failed to show good
enough knowledge in a theoretically won rook endgame.} (61... Rxh7 62. Rf2 Rf7
(62... Rh8 63. Kg6 b4 64. Kg7 Rb8 65. f7 Kc3 $11) 63. Kg6 Rxf6+ 64. Kxf6 b4 65.
Ke5 Kc3 66. Rf3+ Kc4 $1 $11 {Black's king shoulders White's and draws the game.
}) 1/2-1/2

[Event "GER-ch 74th"]
[Site "Saarbruecken"]
[Date "2002.11.29"]
[Round "8"]
[White "Siebrecht, Sebastian"]
[Black "Baramidze, David"]
[Result "1-0"]
[WhiteElo "2426"]
[BlackElo "2390"]
[Annotator "Atlas,V"]
[PlyCount "37"]
[EventDate "2002.11.22"]
[EventType "swiss"]
[EventRounds "9"]
[EventCountry "GER"]
[SourceTitle "CBM 093"]
[Source "ChessBase"]
[SourceDate "2003.04.01"]
[SourceVersion "1"]
[SourceVersionDate "2003.04.01"]
[SourceQuality "1"]

1. d4 d5 2. Nf3 e6 3. g3 Bd6 4. Bg2 f5 5. b3 Nf6 6. Ba3 Qe7 7. Bxd6 cxd6 8. c4
Nbd7 9. O-O b6 10. Nc3 Ne4 11. Nb5 Ndf6 12. cxd5 Ba6 13. Qd3 O-O 14. dxe6 Rac8
15. a4 Rc3 16. Qd1 Bxb5 17. axb5 Qxe6 18. d5 $1 {A strong continuation,
setting a trap overlooked by Black.} Nxd5 $2 ({A decisive mistake.} 18... Qxd5
{or 18...Qf7 was to be preferred.}) {[%tqu "En","Black's position is a bit
loose. How can White use this?","Exploit the shaky position of Black's
d5-knight.","Use your knight for a decisive strike.","f3g5","This impressive
knight thrust wins on the spot.",4]} 19. Ng5 $1 {This powerful blow wins
immediately.} (19. Ng5 $1 {[%csl Rd5,Re6,Rg8][%cal Gg2d5,Gd1d5] , and Black
resigned, since he loses a piece:} Qe5 (19... Nxg5 20. Bxd5 $18) 20. f4) 1-0

[Event "Olomouc Skanska Cup"]
[Site "Olomouc"]
[Date "2004.08.09"]
[Round "6"]
[White "Kunte, Abhijit"]
[Black "Slaby, Jerzy"]
[Result "1-0"]
[WhiteElo "2532"]
[BlackElo "2391"]
[Annotator "Atlas,V"]
[PlyCount "61"]
[EventDate "2004.08.04"]
[EventType "tourn"]
[EventRounds "11"]
[EventCountry "CZE"]
[EventCategory "9"]
[SourceTitle "CBM 103"]
[Source "ChessBase"]
[SourceDate "2004.11.11"]
[SourceVersion "1"]
[SourceVersionDate "2004.11.11"]
[SourceQuality "1"]

1. d4 Nf6 2. g3 d5 3. Bg2 c6 4. Nf3 Bf5 5. O-O e6 6. b3 Nbd7 7. Bb2 Bd6 8. Nbd2
h6 9. Ne5 Qc7 10. Nd3 O-O 11. c4 Qb8 12. Rc1 Re8 13. Re1 a5 14. a3 b5 15. cxd5
cxd5 16. Nc5 Nxc5 17. dxc5 Be5 18. Bxe5 Qxe5 19. Nf3 Qb2 $2 ({A dubious
decision. More prudent was} 19... Qc7 20. Nd4 Rab8 $14) 20. Nd4 $1 Qxa3 $6 (
20... b4 {falls short of} 21. e3 $1 Qxa3 (21... bxa3 22. Re2) 22. Qd2 {,
winning the queen.}) (20... Ne4 {was more stubborn.}) 21. Nxb5 Qb4 22. Nc7 Rab8
23. Nxe8 Nxe8 24. e4 dxe4 25. c6 Nd6 26. c7 Rc8 27. Re3 Kf8 28. Bxe4 $1 {
The shortest way to victory.} Bxe4 {[%tqu "En","How would you justify White's
bishop sacrifice on the previous move?","Exploit the weakness of Black's back
rank.","Use the e3-rook for the decisive blow!","e3e4","This powerful blow
crowns White's attack.",5]} 29. Rxe4 $1 {[%csl Rb4,Gc7,Rc8,Gd1,Rd6,Rd8,Ge4,Rf8]
A remarkable conclusion of White's attack.} Qxe4 ({If} 29... Nxe4 {, then} 30.
Qd8+ Rxd8 31. cxd8=Q#) 30. Qxd6+ Ke8 (30... Kg8 {fails to} 31. Qd8+) 31. Rd1 {
Threatening 32.Qd8+ and 32.Qd7+.} ({Black resigned in view of the line:} 31.
Rd1 Qa8 32. Qd7+ Kf8 33. Qd8+) 1-0

[Event "Serbian-ch 29th"]
[Site "Sabac"]
[Date "1998.04.28"]
[Round "9"]
[White "Antic, Dejan"]
[Black "Cabrilo, Goran"]
[Result "1-0"]
[WhiteElo "2460"]
[BlackElo "2490"]
[Annotator "Avrukh,B"]
[PlyCount "69"]
[EventDate "1998.04.20"]
[EventType "tourn"]
[EventRounds "13"]
[EventCountry "YUG"]
[EventCategory "9"]
[SourceTitle "CBM 065"]
[Source "ChessBase"]
[SourceDate "1998.08.06"]
[SourceVersion "1"]
[SourceVersionDate "1998.08.06"]
[SourceQuality "1"]

1. d4 Nf6 2. Nf3 e6 3. g3 c5 4. Bg2 cxd4 5. Nxd4 d5 6. O-O e5 7. Nb3 Nc6 8. Bg5
Be6 9. Nc3 d4 10. Ne4 Be7 11. Bxf6 gxf6 (11... Bxf6 $5 12. Nbc5 (12. Nec5 Bc8
13. Qd3 O-O 14. Rad1 Qb6 15. Be4 Be7 $1 $132 {Rivero,J-Jordan,O/Traffic op
1992 (27)}) 12... Bc8 13. c3 Be7 14. cxd4 exd4 15. Rc1 O-O 16. Nd3 Qb6 $11 {
Bischoff,K-Landenbergue,C/SWZ-ch int 1992 (28)}) 12. c3 (12. Nec5 $5 Qb6 $5 (
12... Bc8 13. f4 $6 (13. c3 dxc3 14. Qxd8+ (14. bxc3 $5 Qc7 15. Qd2 a5 $6 16.
Na4 $1 Nd8 17. Qe3 $14 {Seirawan,Y-Kortschnoj,V/Monaco Amber blind 1994 (42)})
14... Nxd8 15. bxc3 a5 16. Na4 Ra7 17. Nb6 Be6 18. Nd5 $14 {[%csl Ra7,Rf6]
[%cal Gg2b7] Trois,F-Franco,Z/Wijk-B 1983/1/2-1/2 (47)}) 13... Bxc5 14. Nxc5
Qe7 15. Ne4 f5 16. Nd2 e4 17. Nb3 Qf6 $15 {Alvarez,T-Song,P/New York op 1993 
(36)}) 13. Nxe6 fxe6 14. e3 $5 (14. c3 O-O-O $5 15. cxd4 Nxd4 16. Nxd4 Rxd4 $11
{Spiridonov,N-Georgiev,K/Varna 1983 (21)}) 14... O-O-O 15. exd4 Nxd4 16. Nxd4
Rxd4 17. Qh5 $5 $36 {[%cal Gg2b7] Bator,R-Welin,T/SVE-chT 9596 1996 (38)})
12... dxc3 (12... O-O 13. Nec5 $5 dxc3 14. bxc3 Qc7 15. Nxe6 fxe6 16. Qd3 $14 {
Horvath,C-Farago,I/Budapest Elekes 1995/1-0 (64)}) 13. Nxc3 O-O $5 (13... f5
14. e4 $5 Qxd1 15. Rfxd1 fxe4 16. Bxe4 Rc8 17. Bd5 Bxd5 18. Rxd5 $14 {Kochyev,
A-Balashov,Y/Moscow GMA-op 1989 (60)}) 14. Nd5 f5 $5 15. Qd2 Bxd5 16. Qxd5 Qxd5
17. Bxd5 $14 {This kind of an endgame is quiet typical for the following
variation.White keeps slightly better chanses,but it's problematic to get more
than this.} Rac8 18. Rfc1 Bg5 $5 (18... Rfd8 19. Bxc6 Rxc6 20. Rxc6 bxc6 21.
Rc1 Rd6 22. Na5 c5 23. Nc4 Ra6 24. a3 $14) 19. e3 $5 (19. Rc5 Rfd8 20. Rd1 b6
21. Rc4 Ne7 22. Rxc8 Nxc8 23. h4 Bf6 24. Rd2 $14 {[%cal Gd2d8]}) 19... f4 {
The idea behind Bg5.} 20. Bxc6 Rxc6 21. Rxc6 bxc6 22. exf4 exf4 23. Na5 $5 {
[%csl Ra7,Rc6]} Re8 $5 $132 24. Kf1 (24. Nxc6 $6 Bf6 $1 25. Nxa7 (25. Rb1 Re6
26. Nb4 fxg3 27. hxg3 Re2 $11) 25... Ra8 26. Nc6 Bxb2 27. Rb1 Rxa2 $11) 24...
Bf6 $1 25. gxf4 Re4 $5 26. Re1 $1 {White tries to reah maximum from the
position.} (26. Nxc6 Rxf4 27. Ke2 Bxb2 28. Rb1 Bd4 $11) 26... Ra4 27. Nxc6 Bxb2
28. Re2 $1 Bc1 (28... Rxa2 $5 29. Kg2 a5 30. Ne7+ Kg7 31. Nd5 h5 32. f5 (32.
Nc3 Ra3 33. Rxb2 Rxc3 34. Rb5 $11) 32... Kh6 33. h4 $14) 29. f5 Kg7 30. Re7 $1
{[%csl Rf7]} Rxa2 31. Nd8 $36 Bg5 (31... Bf4 $5 32. Rxf7+ Kh6 33. h4 (33. Ne6
Bxh2 34. f4 Ra4 $11) 33... a5 34. Ne6 Be5 35. f4 Ba1 $14) 32. Rxf7+ Kh6 33. Ne6
Bh4 $1 34. f4 $14 a5 35. h3 $138 1-0

[Event "RUS-chT 06th"]
[Site "St Petersburg"]
[Date "1999.05.24"]
[Round "9"]
[White "Ivanov, Alexey2"]
[Black "Raetsky, Alexander"]
[Result "1-0"]
[WhiteElo "2446"]
[BlackElo "2453"]
[Annotator "Avrukh,B"]
[PlyCount "89"]
[EventDate "1999.05.16"]
[EventType "team-tourn"]
[EventRounds "9"]
[EventCountry "RUS"]
[SourceTitle "EXT 2020"]
[Source "ChessBase"]
[SourceDate "2019.10.17"]
[SourceVersion "1"]
[SourceVersionDate "2019.10.17"]
[SourceQuality "1"]
[WhiteTeam "Vladivostok DVGU"]
[BlackTeam "Voronezh OShK"]
[WhiteTeamCountry "RUS"]
[BlackTeamCountry "RUS"]

1. Nf3 {Finkel,A} d5 2. g3 Nc6 3. d4 Bg4 4. Bg2 Qd7 5. h3 Bh5 6. c4 $5 (6. b3
$5 f6 7. Bb2 O-O-O 8. Nbd2 e5 9. dxe5 d4 10. exf6 Nxf6 11. O-O Bc5 12. a3 Rhe8
13. b4 $16 {Matlak,M-Grabher,H/Bohemians-B 1992}) (6. Be3 f6 7. c4 e6 8. Nc3
Nge7 9. g4 Bf7 10. Qa4 dxc4 11. Qxc4 $14 {Schindler,W-Krause,F/BL2-W9697}) (6.
c3 $5 f6 (6... e6 7. O-O Bd6 8. Nbd2 f5 $5 9. c4 Nf6 $132 {Setterqvist,
K-Brynell,S/SWE-ch Goteborg 1990}) 7. b4 (7. Bf4 e6 8. Nbd2 Bd6 9. Bxd6 Qxd6
10. O-O Nge7 11. c4 Rd8 12. cxd5 exd5 13. a3 O-O 14. b4 $14 {Kveinys,A-Fomina,
T/Viking op 1997}) 7... e6 8. Nbd2 Nge7 9. O-O Nc8 10. e4 Be7 11. Ne5 $5 Bxd1
12. Nxd7 Ba4 13. exd5 Kxd7 $11 {Kengis,E-Short,N/Erevan olm 1996}) 6... e6 7.
O-O dxc4 8. Qa4 Bxf3 9. Bxf3 Rd8 (9... Nge7 $5 10. Rd1 (10. e3 $5 e5 11. dxe5
Qxh3 12. Qxc4 Qf5 13. Bg2 Qxe5 14. Nc3 $44) 10... Nc8 $5 11. Qxc4 (11. Nc3)
11... Ne5 $1 12. Qc3 Nxf3+ 13. Qxf3 c6 14. Nc3 $14) (9... Nxd4 $2 10. Qxd7+
Kxd7 11. Rd1 c5 12. e3 $18) 10. Qxc4 Nxd4 11. Bxb7 c6 12. Ba6 e5 (12... Nf6 13.
Nc3 Be7 14. Be3 e5 15. Kh2 O-O) 13. Kh2 Nf6 14. Nc3 Be7 15. Be3 O-O 16. Rad1 c5
17. Bc1 $5 Rb8 $6 (17... Qf5 $5 18. Bb7 $5 (18. Qd3 e4 19. Qb1 Rd7 20. Be3 Rfd8
21. Bc4 Qg6 $132) 18... e4 19. Be3 Rd7 20. Qa6 $1 Rb8 21. Bc8 Qg6 $8 22. Bf4 (
22. Bxd7 Ng4+ $15 {[%cal Gg6a6]}) 22... Rb6 $13) 18. Qd3 Qc6 19. Bc4 e4 $6 {
[%csl Re4][%mdl 16384]} (19... Rfd8) 20. Qb1 h6 (20... Rfd8 21. Bg5 Ng4+ 22.
hxg4 Bxg5 23. Nxe4 $16) 21. Bf4 Rbd8 22. Be5 $1 Nd7 (22... Rfe8 $5 23. Bxd4
cxd4 24. Bb5 Qb6 25. Bxe8 dxc3 26. Rxd8 Bxd8 27. Ba4 cxb2 28. Bb3 $14) 23. Nd5
$1 $16 Rfe8 (23... Bd6 24. Bxd4 (24. Bxd6 $6 Qxd6 25. Qxe4 Ne5 26. Bb3 Rfe8 $44
{[%csl Re2][%cal Ge8e2]}) 24... cxd4 25. Rxd4 Nc5 26. b4 Rb8 27. Qe1 $16) 24.
Bxd4 cxd4 25. Nxe7+ Rxe7 26. Rxd4 Rde8 27. Rfd1 Nf6 28. b4 $18 Qc7 29. Qc1 {
[%cal Gc1e3]} Qb8 30. Qe3 h5 31. b5 (31. a3 $5) 31... h4 32. Qg5 $1 {[%mdl
2048]} hxg3+ 33. Qxg3 Re5 34. Kh1 Kf8 (34... Nh5 35. Qg6 $1 Qc7 36. Qc6 Qxc6
37. bxc6 Rc5 38. Rd8 Kf8 39. Bb3 $18) 35. a4 $1 {[%cal Gg3a3,Ga3d6]} Qb6 36.
Qa3+ Kg8 37. Qd6 {[%mdl 2048]} Qa5 (37... e3 $5 38. Qxb6 axb6 39. f4 Re4 40.
Rxe4 Rxe4 41. Rd8+ $18) 38. Rg1 Rh5 39. Kh2 (39. Qxf6 $4 Rxh3+ 40. Kg2 gxf6 $17
) 39... Qc3 40. e3 Rh6 41. Qc7 Kh8 42. Qxf7 Rg8 43. Rxe4 Qd2 44. Rf4 Qd6 45.
Rg3 1-0